| 000 | 00629nmm a2200205Ia 4500 | ||
|---|---|---|---|
| 008 | 251105s9999||||xx |||||||||||||||||und|| | ||
| 020 | _a0916379353 | ||
| 041 | _aspa | ||
| 100 | _aNúñez Cabeza de Vaca, Alvar | ||
| 245 | 0 | _aLa Relación o Naufragios | |
| 264 |
_a[Washington, Estados Unidos] : _bScripta Humanistica, _c1986 |
||
| 300 | _a172 páginas | ||
| 490 | _aLiterary Criticism | ||
| 650 | _aSpanish literature | ||
| 700 | _aNúñez Cabeza de Vaca, Alvar | ||
| 700 | 1 | _a [ Favata, Martin A. | |
| 700 | 1 | _a Fernández, José B. (eds.) ] | |
| 856 | _uhttps://public.digitaliapublishing.com/a/273 | ||
| 942 | _cCF | ||
| 999 |
_c69427 _d69427 |
||